00779cam a22002411i 450000100060000000300080000600500170001400800410003103500190007203500190009104000270011004100080013708200210014510000330016624500950019925000140029426000670030830000560037550000200043150400300045165000220048165000340050316887BD-RjUL20211209000049.0140215r19491929nyuaf b 001 0 eng d a(OCoLC)7360023 a(BD-RjUL)16942 aMiUcIaUdBD-RjULbeng aeng00a792.09bCHT 19491 aCheney, Sheldon,d1886-1980.14aThe theatre :bthree thousand years of drama, acting, and stagecraft /cby Sheldon Cheney. aTudor ed. aNew York :bTudor publishing company,cc1929 [Tudor ed. 1949]. aix, 558 p., [31] leaves of plates :bill. ;c24 cm. aIncludes index. aBibliography: p. 547-549. 0aTheaterxHistory. 0aDramaxHistory and criticism.